[Event "Canadian op"]
[Site "Edmonton"]
[Date "2005.07.12"]
[Round "5"]
[White "Shabalov, Alexander"]
[Black "Bologan, Viktor"]
[Result "0-1"]
[WhiteElo "2631"]
[BlackElo "2700"]
[Annotator "Bologan,V"]
[PlyCount "152"]
[EventDate "2005.07.09"]
[EventType "swiss"]
[EventRounds "10"]
[EventCountry "CAN"]
[SourceTitle "CBM 107 Extra"]
[Source "ChessBase"]
[SourceDate "2005.09.01"]
[SourceVersion "1"]
[SourceVersionDate "2005.09.01"]
[SourceQuality "1"]

1. e4 e5 2. Nf3 Nc6 3. Bb5 Nf6 4. O-O Nxe4 5. d4 (5. Re1 Nd6 6. Nxe5 Nxe5 7.
Rxe5+ Be7 8. Bf1 O-O 9. d4 b6 10. Re1 {N} Bb7 11. Bf4 Nf5 12. c3 c5 $1 13. dxc5
bxc5 14. Nd2 d5 15. Bd3 Nh4 16. Qh5 g6 17. Qh6 Bf6 18. Be5 Re8 19. Bxf6 Qxf6 {
= Mastrovasilis Dimitrios 2563 - Bologan Viktor 2700 , Warsaw 1. 7.2005 Ch
Europe}) 5... Nd6 6. dxe5 Nxb5 7. c4 (7. a4 Nbd4 $1 {} (7... d6 8. e6 Bxe6 (
8... fxe6 9. axb5 Ne7 10. Nc3 Nf5 11. Nd4 Nxd4 12. Qxd4 c5 13. bxc6 bxc6 14.
Re1 a6 15. Ne4 e5 16. Qc3 Qc7 17. f4 $1 {Guseinov G 2573 - Aleksandrov A 2635 ,
12. 4.2005 7th Open}) 9. axb5 Ne5 10. Nd4 Bd7 11. f4 Ng6 12. Qf3 {N} Be7 13.
Qxb7 (13. f5 Ne5 14. Qxb7 O-O (14... Rb8 15. Qe4 Bxb5 16. Nxb5 Rxb5 17. Nc3 Rb8
18. Rxa7 c6) 15. Nc3 Bf6 $13) 13... O-O 14. Nc3 Bf6 15. Be3 Re8 16. Qf3 Nh4 {
Predojevic Borki - Bologan Victor Viorel, Sarajevo 25. 5.2005 35th
International}) 8. Nxd4 Nxd4 9. Qxd4 d5) 7... d6 $1 (7... Nbd4 8. Nxd4 Nxd4 9.
Qxd4 d6 10. Bf4 $16) (7... a6 8. cxb5 axb5 9. Nc3 b4 10. Nd5 d6 11. Bg5 $1) 8.
e6 (8. cxb5 Nxe5 9. Nd4 Be7 10. Nc3 O-O 11. f4 Ng6 12. Nd5 Bf6 $15) 8... Bxe6
$5 (8... fxe6 $1 9. cxb5 Ne7 10. Re1 Nf5 {!} 11. Ng5 Be7 12. Nxe6 Bxe6 13. Rxe6
O-O 14. Nc3 Qd7 15. Re2 {1/2-1/2, Suetin A - Faibisovich V, 1969 USSR 8/222})
9. cxb5 Ne5 10. Nd4 Bd7 $5 (10... Be7 11. f4 Nd7 12. Qe2 O-O 13. Nxe6 fxe6 14.
Qxe6+ Kh8 15. Nc3 Bf6 $15 {Polzin Rainer 2497 - Tischbierek Raj 2507 , Germany
2003 Bundesliga 2003/04}) 11. f4 Ng6 12. Qf3 Be7 13. Qxb7 O-O 14. Nc3 Bf6 $15
15. Be3 Re8 (15... Rb8 16. Qf3 a6 17. a4 (17. Nc6 Bxc6 18. Qxc6 axb5 19. Nd5
Bxb2 $17) 17... axb5 18. axb5 Nh4 19. Qf2 Bxd4 20. Bxd4 Bxb5 21. Nxb5 Rxb5 22.
Bc3 $15) 16. Qf3 a6 17. a4 Nh4 18. Qf2 axb5 19. axb5 Rb8 (19... Ng6 $5) (19...
Rxa1 20. Rxa1 Bxd4 21. Bxd4 c5 22. bxc6 Bxc6 23. Qg3) 20. Rfe1 Bxd4 (20... Nf5
21. Nxf5 Bxf5 22. Bd4 Rxe1+ 23. Rxe1 Bxd4 24. Qxd4 $11) 21. Bxd4 Rxe1+ 22. Qxe1
Nf5 23. Ba7 Rc8 24. Bf2 h5 25. Qe2 h4 26. h3 Rb8 27. Qd3 Be6 $15 28. Ra7 Ra8
29. Ra6 Rb8 30. Ra7 d5 31. Bc5 Ra8 (31... d4 32. Ne4 Ra8 33. Ra6 Qd5 34. b4 Re8
$15) 32. Ra6 Rc8 33. Ne2 Qf6 34. Qc3 Qg6 35. Qd3 Re8 36. Kh2 f6 $2 (36... Qf6
$11) 37. Bf2 Bf7 38. Ra7 Qh5 $6 (38... Rc8 39. Qc3 Qh5 40. Nd4 Nxd4 41. Bxd4
Qf5 42. Be3 $14) 39. Ng1 Nd6 40. Rxc7 Bg6 {Предыдущей игрой на победу, ~~ерные
серьезно осложнили свое положение.} (40... Qh6 41. Ne2 Bh5 42. Qxd5+ Nf7 43. b6
$18) 41. f5 $1 (41. Qb3 $5) 41... Ne4 (41... Qxf5 42. Qxf5 Bxf5 43. b6 Rb8 44.
Ne2 $18) 42. Qxd5+ Bf7 43. Qd7 (43. Qd4 Qxf5 44. Be3 Ng3) 43... Nxf2 44. b6 $18
g5 $5 (44... Rf8 45. b7 Qg5 46. Ne2 $18) 45. b7 g4 46. Nf3 (46. Ne2 g3+ 47. Kg1
Kf8 48. Qb5 Nxh3+ 49. Kf1 Ng5 50. Rc8 h3 51. Rxe8+ Kg7 52. b8=Q hxg2+ 53. Ke1
Nf3+ 54. Kd1 Qh1+ 55. Kc2 g1=Q 56. Nxg1 Nd4+ 57. Kd2 Nxb5 58. Qxg3+ Kh7 59. Re7
$18) 46... gxf3 (46... g3+ 47. Kg1) 47. Rc8 fxg2 (47... Qg5 48. Rxe8+ Kg7 49.
Rg8+ Kxg8 50. b8=Q+ Kg7 51. gxf3 Qc1 52. Kg2 Qc2 53. Qbc7 $18) 48. Rxe8+ Bxe8
49. Qd5+ $6 (49. b8=Q g1=Q+ 50. Kxg1 Nxh3+ 51. Kf1 Qf3+ 52. Ke1 Qe3+ 53. Kd1
Nf2+ 54. Kc2 Qe2+ 55. Kb3 Kf8 56. Qbd6+ $18) (49. Qe6+ Kg7 50. b8=Q $18) 49...
Kh7 50. Qxg2 (50. b8=Q g1=Q+ 51. Kxg1 Nxh3+ $16) 50... Nxh3 51. b8=Q Ng5 52.
Qf4 h3 53. Qgf1 Bf7 (53... Qf7 54. Q1c4 Qd7 55. Qcc7) 54. Qd3 Qh6 55. b4 (55.
Qfe3 Qh4) 55... Qf8 56. Qh4+ (56. Qfd6 Qa8 57. Qc2 Qf3 58. Qg3 Qd5 59. Qf4 $16)
56... Kg8 57. b5 Qa8 58. Qf2 Ne4 59. Qg1+ Ng5 60. Qf2 Qb8+ 61. Kg1 Qe5 {!} 62.
Qfe2 Qc5+ $2 (62... h2+ $1 63. Qxh2 Qa1+ 64. Kg2 (64. Qf1 Nf3+) 64... Qa8+ 65.
Kf2 (65. Kg3 Qb8+) 65... Qa7+ 66. b6 (66. Qe3 Ne4+ 67. Kf3 Ng5+ {=}) 66...
Qxb6+ {=}) 63. Qee3 Qb4 64. b6 Qb2 65. Qde2 Qb1+ 66. Kh2 Qb4 67. Qc2 Qd6+ 68.
Kg1 Qb4 69. Qc8+ (69. Qc6 $1 {Yermolinsky} Qb2 70. b7 Kh7 71. Qf4 Qb1+ 72. Kf2
Qb2+ 73. Kg3 Qb3+ 74. Kh4 $18) 69... Kh7 70. Qc7 Qb1+ 71. Qcc1 Qa2 (71... Qxf5
72. Qf4 Qd5 $16) 72. Qg3 Kg7 73. Qcc3 $4 (73. Qce3 $18) 73... h2+ $1 74. Qxh2 (
74. Kh1 Bd5+) 74... Qb1+ 75. Kg2 (75. Kf2 Qxf5+ {!} 76. Ke2 Qg4+ 77. Kf1 Qd1+
$19) 75... Bd5+ 76. Kf2 $8 (76. Kg3 Ne4+ 77. Kh3 Qf1+ (77... Nxc3 78. Qc7+ Kh6
79. Qf4+) 78. Kg4 Nxc3 $19) ({Kg1 Qb1+ Nf3+} 76. Qf3 {Qxh2+ Kxh2} Bxf3+ 77. Kg3
Be4 78. Kf4 Bb7 79. Kg4 {=}) 76... Qa2+ {time} (76... Qxb6+ 77. Ke2 Bc4+ $3 78.
Qxc4 (78. Kd1 Qb1+ 79. Kd2 Qa2+) 78... Qb2+ $19) 0-1

[Event "EU-chT (Men) 20th"]
[Site "Reykjavik"]
[Date "2015.11.13"]
[Round "1.1"]
[White "Bologan, Viktor"]
[Black "Leko, Peter"]
[Result "1-0"]
[WhiteElo "2630"]
[BlackElo "2708"]
[Annotator "Bologan,V"]
[PlyCount "148"]
[EventDate "2015.11.13"]
[EventType "team-swiss"]
[EventRounds "9"]
[EventCountry "ISL"]
[SourceTitle "CBM 170"]
[Source "ChessBase"]
[SourceDate "2016.01.15"]
[SourceVersion "1"]
[SourceVersionDate "2016.01.15"]
[SourceQuality "1"]
[WhiteTeam "Moldova"]
[BlackTeam "Hungary"]
[WhiteTeamCountry "MDA"]
[BlackTeamCountry "HUN"]

1. e4 e5 2. Nf3 Nc6 3. Bb5 Nf6 4. O-O Nxe4 5. d4 Nd6 6. Bxc6 dxc6 7. dxe5 Nf5
8. Qxd8+ Kxd8 9. Rd1+ $5 {The idea of this move is to keep the king on the
kingside, and to try to exploit the disconnection of the black rooks.} Ke8 10.
Nc3 Ne7 11. h3 {Trying to compensate the lack of the light-squared bishop.} Ng6
12. b3 {I've also tried the immediate improvement of the knight:} (12. Ne2 $5 {
which after} Be6 13. Ned4 Bd5 14. b3 Rd8 15. Bg5 Be7 16. Bxe7 Nxe7 17. c4 Bxf3
18. Nxf3 Ng6 19. Kf1 {brought me a slight advantage} Ke7 20. g3 c5 21. Ke2 a5
22. a4 Rxd1 23. Rxd1 Nf8 24. Nh4 g6 25. f4 Ne6 26. Nf3 h5 27. Ke3 Ng7 28. Ke4
b6 {Bologan 2732 - Carlsen,M 2837, 10.7.2012 World Blitz Final. Here I could
go for} 29. g4 $1 hxg4 30. hxg4 Rh3 31. Ng5 Rxb3 (31... Rh8 32. Rd2) 32. f5 $14
) (12. Nd4 {with the plan of taking under control the centre with f4 and Ne4}
Be7 13. f4 h5 14. Ne4 Nh4 $1 {the typical way of stopping f5} 15. Ng3 a6 16.
Be3 c5 17. Nde2 Nf5 18. Nxf5 Bxf5 19. Nc3 c6 20. Rd2 Rd8 21. Rad1 Rxd2 22. Rxd2
b5 $11 {Sutovsky,E 2642 - Volokitin,And 2640, Austria AUT 5.11.2015 TCh-AUT
2015-16}) 12... Be7 (12... Bb4 {was played in the last round of the competition
} 13. Ne2 Bf5 14. c3 Be7 15. Ng3 Bd7 16. Nh5 $1 {I always liked this knight on
h5 as White, since is not so easy to get rid of it while it is exerting
pressure} Rg8 17. c4 c5 18. Bb2 Bc6 19. Ne1 Nf8 {Palac,M 2577 - Dvirnyy,D 2561,
Reykjavik ISL 22.11.2015 20th European Teams} 20. Nf4 Ne6 21. Nd5 Rd8 22. Nc2
$14) 13. Bb2 h5 {Typical idea. Black takes under control the white squares on
the kingside impeding the possible g4.} (13... Bf5 $5 {provoking} 14. Nd4 Bd7
15. Re1 Rd8 16. e6 Bc8 17. Nf5 Bf6 18. Na4 Bxb2 19. Nxb2 Rg8 (19... Rd5 20.
exf7+ Kxf7 21. Ne3 Re5 22. Nd3 Re7 23. f3 h5 24. g4 b6 25. Ng2 c5 26. Rxe7+
Nxe7 27. Ngf4 g6 28. Re1 Nc6 29. Nd5 $14 {Volokitin,And 2646 - Vocaturo,D 2579,
Jerusalem ISR 1.3.2015 16th ch-EUR Indiv 2015}) 20. exf7+ Kxf7 21. Ng3 {
with a very slight edge for White.}) 14. Ne4 a5 {Actually this small nuance
allowed White to take the initiative for the rest of the game. Nowadays the
price of a tempo is very high!} (14... h4 {was played against me by another
top player Aronian} 15. Re1 Kf8 16. Rad1 Rh5 (16... Bf5 17. Nd4 Bxe4 18. Rxe4
Rd8 19. Rde1 Rh5 20. Kf1 Kg8 21. Nf3 Nf8 22. Rd4 $14 {Bologan,V 2681 - Aronian,
L 2815, Beijing CHN 14.12.2012 SportAccord Rapid Men 2012}) 17. Nd6 $1 Be6 18.
Nxb7 Bd5 (18... a5 19. c4 a4 20. Bd4 $16) 19. Re3 (19. Bd4 $5) 19... Rb8 20.
Na5 Rb5 21. Bc3 Bc5 {Czarnota Pawel (POL) 2554 - Kryvoruchko Yuriy (UKR) 2581,
Polanica Zdroj (Poland)} 22. a4 $1 $14) 15. Re1 {The rook did its job on d1 by
cutting off the king; now it creates another critical construction opposing
the king and leaving room for another rook to come to d1.} Kf8 ({On} 15... a4 {
I would also go to d6 since the check on f6 yields nothing to White} 16. Nd6+
Kf8 (16... cxd6 17. exd6 f6 18. Ba3 $1 axb3 19. axb3 Kf7 20. dxe7 Re8 21. Nd2
Nxe7 22. Nc4 $18) 17. Nxc8 Rxc8 18. bxa4 Ra8 19. Re4 $16) (15... Be6 16. Nd4
$14 {exchanging the light-squared bishop is always to White's benefit.}) 16.
Rad1 {With the idea Nd6. This idea was mentioned to me just before the game by
my teammate Dmitrii Svetushkin. Afterwards I also saw that it had been played
in similar situations few times.} h4 (16... Bf5 {looks like this provocation
is one of the few possible ideas for Black in this position} 17. Nd4 Bc8 18. e6
fxe6 19. Nf3 $1 {If I am not mistaken we had this position over the board the
same morning} a4 20. Ne5 $1 Nxe5 21. Bxe5 $44) 17. Nd6 $1 {Black either has to
give up his light-squared bishop or material.} Rh5 (17... Be6 18. Nxb7 a4 (
18... Bd5 19. Bd4 Bxf3 20. gxf3 Rh5 21. Re4 Rf5 22. Nc5 Rxf3 23. Be3 Rf5 24.
Nd3 $14) 19. Bd4 $16) (17... cxd6 18. exd6 Bxd6 (18... Bd8 19. d7 $16) 19. Rxd6
$16) 18. Nxc8 Rxc8 19. Re4 $14 {Now white feels much more comfortable on the
white squares, the plan is to prepare f5, while Black will always have to keep
an eye on h4 as well as solving the problem of the rook on h5.} (19. Bc3 {
some times it is important to provoke b6 I was still not sure about that} b6
20. Re4 Rd8 21. Rde1 $14) 19... Rd8 20. Rxd8+ Bxd8 21. Kf1 {King to the centre!
} c5 22. Rg4 Ke7 {It's difficult to criticise Peter for this move, since Black
can not play the endgame without the king.} 23. Ng5 ({Another tactical motif
was} 23. e6 $5 Kxe6 24. Bxg7 Rd5 25. Ke2 Kd7 26. c4 Rd6 27. g3 Re6+ 28. Kf1 $14
) 23... f5 $6 {Already at this moment Leko was in severe time trouble, so his
desire to simplify things is quite understandable.} (23... b5 {Instead. there
was the more solid} 24. Nxf7 (24. a4 c6 25. c4 b4 26. Nxf7 Kxf7 27. e6+ Kxe6
28. Rxg6+ Bf6 29. Bxf6 gxf6 30. Rg4 f5 31. Rg6+ Ke5 32. Rxc6 Kd4) 24... Kxf7
25. e6+ Kxe6 26. Rxg6+ Bf6 27. Bxf6 gxf6 28. Rg4 $14) 24. exf6+ gxf6 25. Re4+
$1 {An important intermediate move.} Kd7 26. Ne6 Be7 27. Ng7 $1 {Somehow it's
a bad sign for Black if the white knight gets to g7 - it means the kingside is
destroyed.} Rh7 (27... Rd5 28. Rg4 Rg5 29. Ke2 Rxg4 30. hxg4 Nf4+ 31. Kf3 h3
32. gxh3 Nxh3 33. Ke3 Ng5 34. Nh5 Ke6 35. f4 $16) (27... Rg5 28. Bc1 Rd5 29.
Ke2 f5 30. Re6 Nf8 31. Rh6 $16) 28. Nf5 Bd8 29. Ke2 Rh5 30. Rg4 $1 {Another
intermezzo.} Rxf5 31. Rxg6 Ke6 32. Rh6 $16 {Black is losing the pawn on h4
which opens the gates for White's win.} Rg5 33. Kf1 Rd5 34. Rxh4 Rd2 {Here I
saw two ways of neutralising the rook, and I chose the more complicated one.}
35. Re4+ (35. Rc4 {!} Be7 36. Ke1 Rd5 37. Re4+ Kf7 38. g4 $18) 35... Kf7 36.
Re2 Rd1+ 37. Re1 Rd2 38. Rc1 c4 39. bxc4 ({Here after} 39. Ke1 Rd6 {I could
speculate with the exchange of rooks} 40. Rd1 Re6+ 41. Kf1 cxb3 42. cxb3 Be7 (
42... Ke8 43. Re1 $18) 43. Rd7 $18) 39... Be7 40. Bc3 Rd6 41. Re1 (41. Bxa5 Rc6
42. Bd2 Rxc4 43. c3 Ra4 44. Rc2 f5 $16) 41... Rc6 42. Re4 a4 43. Ke2 a3 44. g4
{The position should be completely winning for me but my technique was not on
the highest level.} Rb6 45. Rd4 (45. Kd3 $18 {was more elegant.}) 45... Bd6 46.
Rd5 Rb1 47. Rf5 Be7 48. g5 ({A more accurate way would be} 48. h4 c6 49. h5 Rb2
50. Kd3 Rxa2 51. g5 Rb2 52. g6+ Kg7 53. Rg5 Rb1 54. h6+ $18) 48... Kg6 49. gxf6
Bd6 50. Rf3 (50. Rb5 Rc1 51. c5 Bf8 52. Rxb7 Rxc2+ 53. Kd3 Rxa2 54. Rxc7 Rxf2
55. c6 $18) 50... Kf7 51. Rd3 Rc1 52. c5 $1 Bf8 {Here I almost played Kd2 but
something stopped me, asat the last moment I saw the check on h6. For sure
tiredness and the final time control started to play their role. The only good
news for me was that Leko was in the same position.} (52... Bxc5 53. Rd7+ Ke6
54. Rxc7 Bd6 55. Bd2 $1 Ra1 56. Rxb7 Rxa2 57. Rb6 Rb2 58. Ra6 a2 59. Kd3 $18)
53. Rd2 (53. Rd7+ Ke6 54. Rxc7 Rxc2+ 55. Kd3 Rxa2 56. Bd4 $1 $18) (53. Kd2 $4
Bh6+ {=}) 53... Ke6 54. Bd4 $2 ({Initially I was going to play} 54. f4 Bxc5 {
and} 55. f5+ $1 Kf7 (55... Kxf5 56. Rd5+) 56. Rd7+ Ke8 57. Rxc7 $18) 54... Bh6
55. Be3 Bxe3 56. fxe3 Kxf6 {Another confirmation for the saying that all rook
endgames are drawn. The only chance was that we were both in time trouble.} 57.
Kd3 Rh1 58. Kc4 Ke6 59. Rd3 Rxh3 60. Rxa3 Kd7 61. Kb5 Rh5 62. Rd3+ Kc8 63. a4 {
My pawns are too weak.} b6 (63... Re5 {instead would simply prove to be a draw.
} 64. a5 Re4 65. c6 Re5+ 66. Kb4 b6 67. Ra3 Kb8 68. axb6 cxb6 69. Rc3 Kc7 70.
Kc4 Re8 71. Kd5 Rd8+ {and the head-on attack doesn't allow the e4-pawn to
advance} 72. Ke6 Re8+ 73. Kf7 Re4 74. Kf6 Re8 $11) 64. Rc3 Re5 (64... Kb7 65.
Kb4 Re5 66. cxb6 Kxb6 67. Kc4 c6 68. Kd4 Rd5+ 69. Ke4 Rd8 70. Ra3 $16) 65. a5
bxc5 $2 $138 {The decisive mistake.} ({There was very little chance I would
manage to win after} 65... bxa5 66. Kxa5 Kb7 67. Kb5 c6+ 68. Kc4 Kc7 69. Kd3
Rd5+ 70. Ke4 Rh5 $14) 66. Kc6 c4 67. Ra3 c3 68. a6 $18 Kb8 69. a7+ Ka8 70. Rxc3
Re7 71. Ra3 Re6+ 72. Kd5 Rd6+ 73. Ke4 Rd2 74. c4 c6 1-0

[Event "URS-ch U26"]
[Site "Tbilisi"]
[Date "1989.??.??"]
[Round "?"]
[White "Shirov, Alexei"]
[Black "Dautov, Rustem"]
[Result "1/2-1/2"]
[WhiteElo "2450"]
[BlackElo "2535"]
[Annotator "Bulletin"]
[PlyCount "106"]
[EventDate "1989.01.??"]
[EventType "tourn"]
[EventRounds "15"]
[EventCountry "URS"]
[EventCategory "9"]
[SourceTitle "CBM 012"]
[Source "ChessBase"]
[SourceDate "1989.10.01"]
[SourceVersion "1"]
[SourceVersionDate "1989.10.01"]
[SourceQuality "1"]

1. e4 e5 2. Nf3 Nc6 3. Bb5 Nf6 4. O-O Nxe4 5. d4 Nd6 6. Bxc6 dxc6 7. dxe5 Nf5
8. Qxd8+ Kxd8 9. Nc3 Ke8 10. b3 a5 11. Bb2 h6 12. Ne2 Ne7 13. Nfd4 a4 14. Rad1
Nd5 15. c4 Nb4 16. Nf4 a3 17. Ba1 Nxa2 18. e6 $1 Rg8 $1 19. exf7+ Kxf7 20. Nf3
Bd6 21. Nd3 Nb4 22. c5 Nxd3 23. cxd6 Bf5 24. dxc7 Rge8 25. Nd4 Bh7 26. f4 Be4
27. f5 Rac8 28. Ne6 Rxe6 29. fxe6+ Kxe6 30. Rd2 (30. Bxg7 Rxc7 31. Bf8 $14)
30... Rxc7 31. Ra2 b5 32. Rxa3 c5 33. Ra6+ Kd5 34. Rb6 $2 {>= 34.Rf8} Ra7 $1
35. Rd1 $1 Ra2 36. Rb7 Rxg2+ 37. Kf1 Rf2+ 38. Kg1 Rg2+ 39. Kf1 Rxh2 40. Rxg7
Rh1+ 41. Rg1 Rh2 42. Rg8 h5 43. Bh8 $5 Ke6 44. Rd8 Rh3 45. Bg7 Ke7 46. Rb8 Rf3+
47. Ke2 Nf4+ 48. Ke1 Re3+ 49. Kf2 Rf3+ 50. Ke1 Rxb3 51. Ra1 $1 Nd3+ 52. Kd2 Ke6
53. Rh8 Kf7 1/2-1/2

[Event "URS-ch46 First League"]
[Site "Ashkhabad"]
[Date "1978.??.??"]
[Round "4"]
[White "Beliavsky, Alexander G"]
[Black "Mikhalchishin, Adrian"]
[Result "1/2-1/2"]
[WhiteElo "2545"]
[BlackElo "2460"]
[Annotator "Bulletin"]
[PlyCount "84"]
[EventDate "1978.10.??"]
[EventType "tourn"]
[EventRounds "17"]
[EventCountry "URS"]
[EventCategory "10"]
[SourceTitle "MCL"]
[Source "ChessBase"]
[SourceDate "1999.07.01"]
[SourceVersion "1"]
[SourceVersionDate "1999.07.01"]
[SourceQuality "1"]

1. e4 e5 2. Nf3 Nc6 3. Bb5 Nf6 4. O-O Nxe4 5. d4 Be7 6. Qe2 Nd6 7. Bxc6 bxc6 8.
dxe5 Nf5 (8... Nb7) 9. Qe4 g6 10. Nd4 Nxd4 11. Qxd4 d5 (11... O-O 12. Bh6 Re8
13. Nc3 c5 14. Qd2 d6 $14 {Gligoric-Trifunovic, Budapest 1948}) 12. Nc3 Bf5 13.
Na4 O-O 14. b3 Qb8 (14... Bxc2 15. Bh6 Re8 16. Rac1) 15. Bh6 Re8 16. g4 Be6 17.
h3 Qb5 18. Be3 Qe2 19. Qd1 Qxd1 20. Raxd1 h5 21. f3 f6 22. exf6 Bxf6 23. Rfe1
Kf7 24. Bf4 Re7 25. Kg2 Rae8 26. Bg3 d4 $10 27. Nc5 Bd5 28. Rxe7+ Rxe7 29. Re1
Rxe1 30. Bxe1 Be7 31. Na6 hxg4 32. hxg4 Bd6 33. Bg3 c5 34. Nxc7 Bxc7 35. Bxc7
c4 36. Kf2 Ke6 37. b4 d3 38. cxd3 cxd3 39. Ke3 d2 40. Kxd2 Bxf3 41. b5 Bxg4 42.
Bb8 a6 1/2-1/2

[Event "Bugojno"]
[Site "Bugojno"]
[Date "1978.03.05"]
[Round "7"]
[White "Tal, Mihail"]
[Black "Ivkov, Borislav"]
[Result "1/2-1/2"]
[WhiteElo "2625"]
[BlackElo "2515"]
[Annotator "Bulletin"]
[PlyCount "118"]
[EventDate "1978.02.27"]
[EventType "tourn"]
[EventRounds "15"]
[EventCountry "YUG"]
[EventCategory "14"]
[SourceTitle "MCL"]
[Source "ChessBase"]
[SourceDate "1999.07.01"]
[SourceVersion "1"]
[SourceVersionDate "1999.07.01"]
[SourceQuality "1"]

1. e4 e5 2. Nf3 Nc6 3. Bb5 Nf6 4. O-O Nxe4 5. d4 Be7 6. dxe5 O-O 7. Qe2 (7. Be3
a6 8. Bc4 d6 9. Bd5 Bf5 10. Nd4 Nxd4 11. Qxd4 dxe5 12. Qxe5 Nd6 13. Nc3 $1 $14
{Romanishin-Knezevic, Leningrad 1977}) 7... Nc5 8. Be3 Ne6 9. Nc3 f6 10. exf6 (
10. Bxc6) 10... Bxf6 11. Bc4 Kh8 (11... Re8 12. Ne4 $5) 12. Bxe6 dxe6 13. Rad1
Qe8 (13... Qe7 14. Ne4) 14. Nb5 Qe7 15. Qc4 e5 16. Nc3 (16. Bc5 Qf7) 16... Be6
$10 17. Qb5 Rfb8 18. Rfe1 a6 19. Qa4 Qb4 20. Bg5 Qxa4 21. Nxa4 Bg4 22. Bxf6
gxf6 23. Rd2 $5 (23. c3) 23... Bxf3 24. gxf3 Nd4 25. Re3 Rg8+ 26. Kf1 Rg7 (
26... Rg5 $5 27. f4 exf4 $13) 27. Nc3 Rag8 28. Ne2 c5 29. Nxd4 exd4 (29... cxd4
$5) 30. Re6 Rg2 31. b4 $1 cxb4 32. Rxd4 Rxh2 33. Rxb4 b5 34. Rxa6 Rgg2 35. Ra8+
Kg7 36. Rg4+ Rxg4 37. fxg4 Rh4 38. a4 (38. f3 Rh2 39. Rc8 b4 40. Ke1 Kg6 41.
Rc5 Rg2 42. Kd1 Rf2 43. Rf5 h5 $10) 38... bxa4 39. Rxa4 f5 40. Kg2 fxg4 41. Rc4
(41. Kg3 Rh3+ 42. Kxg4 Rc3) 41... Kf6 42. Kg3 Rh1 43. Rf4+ {*} Ke5 44. Rxg4 h5
45. Rh4 Rg1+ 46. Kf3 Rc1 47. Rxh5+ Kd6 48. Rh6+ Kd7 49. Rh4 Rxc2 50. Re4 Rc8
51. Kg4 Rg8+ 52. Kh5 Kd6 53. f4 Kd5 54. Re7 Kd6 55. Re4 Kd5 56. Re5+ Kd6 57.
Rg5 Rf8 58. Kg4 Ke6 59. Re5+ Kf6 1/2-1/2

[Event "EU-ch 11th"]
[Site "Rijeka"]
[Date "2010.03.12"]
[Round "7"]
[White "Vuckovic, Bojan"]
[Black "Efimenko, Zahar"]
[Result "1/2-1/2"]
[WhiteElo "2630"]
[BlackElo "2640"]
[Annotator "CB"]
[PlyCount "114"]
[EventDate "2010.03.06"]
[EventType "swiss"]
[EventRounds "11"]
[EventCountry "CRO"]
[SourceTitle "CBM 136"]
[Source "ChessBase"]
[SourceDate "2010.05.18"]
[SourceVersion "1"]
[SourceVersionDate "2010.05.18"]
[SourceQuality "1"]

1. e4 e5 2. Nf3 Nc6 3. Bb5 Nf6 4. O-O Nxe4 5. d4 Nd6 6. Bxc6 dxc6 7. dxe5 Nf5
8. Qxd8+ Kxd8 9. Nc3 Ke8 10. h3 Be6 11. b3 Bb4 12. Bb2 Bxc3 13. Bxc3 Bd5 14.
Ne1 h5 15. Nd3 h4 16. Rfe1 Be6 17. Nc5 b6 18. Nxe6 fxe6 19. Rad1 c5 20. Rd3 Rd8
21. Rxd8+ Kxd8 22. Bd2 Kd7 23. Bg5 b5 24. Re4 a5 25. a4 c4 26. axb5 cxb3 27.
cxb3 Rb8 28. Bxh4 Rxb5 29. Bg5 {#} Rxb3 $2 ({Whether due to an adrenaline rush,
or a simple oversight, Black missed his best chance by rushing for the pawn.
Better opportunities would arise from} 29... c5 30. Bd2 Rxb3 31. Bxa5 Kc6 32.
Re1 c4 33. Rc1 Kc5 {and the onus is on White to save the game.}) 30. Ra4 Rb5
31. Bd2 Rb1+ 32. Kh2 Rb2 33. Bxa5 Rxf2 34. Rc4 Rxg2+ 35. Kh1 c6 36. Rxc6 Re2
37. Rc7+ Ke8 38. Bc3 Rc2 39. Ba5 Rxc7 40. Bxc7 Kd7 41. Ba5 Kc6 42. Kg2 Kd5 43.
Kf3 Kxe5 44. Bc3+ Kd5 45. Kf4 Nd4 46. Kg5 Kc4 47. Bb2 e5 48. Kg6 e4 49. Bc1 Ne2
50. Bg5 Ng1 51. Kxg7 Nxh3 52. Bh6 Kd3 53. Kf6 Ke2 54. Kf5 Kf3 55. Bc1 Nf2 56.
Bd2 Nd3 57. Bh6 e3 1/2-1/2